[Event "RSA-chT U20"]
[Site "Cape Town"]
[Date "2016.01.05"]
[Round "4.6"]
[White "Ehlers, Charl"]
[Black "Oliphant, Herlin"]
[Result "1-0"]
[WhiteElo "1138"]
[BlackElo "1108"]
[PlyCount "113"]
[EventDate "2016.01.04"]
[EventType "team-tourn"]
[EventRounds "7"]
[EventCountry "RSA"]
[SourceTitle "CBM 170 Extra"]
[Source "ChessBase"]
[SourceDate "2016.02.25"]
[SourceVersion "1"]
[SourceVersionDate "2016.02.25"]
[SourceQuality "1"]
[WhiteTeam "Ekurhuleni"]
[BlackTeam "Bojanala Platina"]
[WhiteTeamCountry "RSA"]
[BlackTeamCountry "RSA"]

1. d4 Nf6 2. e3 e6 3. Bd3 c5 4. c3 Nc6 5. f4 Qb6 6. Nf3 cxd4 7. exd4 Bd6 8. Ne5 Qc7 9. 0-0 Qb6 10. Nc4 Qc7 11. Nxd6+ Qxd6 12. Nd2 b6 13. Qf3 Bb7 14. Nc4 Qc7 15. Qe2 Ba6 16. Nd6+ Qxd6 17. Bxa6 Ne7 18. f5 0-0 19. fxe6 dxe6 20. Bg5 Nfd5 21. Bd3 Ng6 22. Rf3 Ngf4 23. Qe4 Nxd3 24. Rxd3 Ne7 25. Rf1 Qd5 26. Qg4 Ng6 27. Qh3 Qxg5 28. g3 Rae8 29. Qg2 Qd5 30. Qxd5 exd5 31. Rf5 Re1+ 32. Kf2 Rfe8 33. Rd2 Rh1 34. Kf3 Rf1+ 35. Rf2 Rxf2+ 36. Kxf2 Ne7 37. Re5 Kf8 38. Ke3 Rd8 39. Kd3 b5 40. b3 Rd6 41. c4 bxc4+ 42. bxc4 dxc4+ 43. Kxc4 a5 44. Rxa5 g6 45. Ra8+ Kg7 46. a4 Rc6+ 47. Kb5 Rc2 48. a5 Nd5 49. Rd8 Nc7+ 50. Kb6 Ne6 51. Rd7 Rb2+ 52. Ka7 Kf8 53. d5 Nc5 54. Rc7 Rb5 55. d6 Ke8 56. a6 Nd7 57. Rc8# 1-0

[Event "RSA-chT U20"]
[Site "Cape Town"]
[Date "2016.01.04"]
[Round "1.6"]
[White "Ehlers, Charl"]
[Black "Schoeman, Anja"]
[Result "0-1"]
[WhiteElo "1138"]
[BlackElo "1383"]
[PlyCount "84"]
[EventDate "2016.01.04"]
[EventType "team-tourn"]
[EventRounds "7"]
[EventCountry "RSA"]
[SourceTitle "CBM 170 Extra"]
[Source "ChessBase"]
[SourceDate "2016.02.25"]
[SourceVersion "1"]
[SourceVersionDate "2016.02.25"]
[SourceQuality "1"]
[WhiteTeam "Ekurhuleni"]
[BlackTeam "Johannesburg Metro"]
[WhiteTeamCountry "RSA"]
[BlackTeamCountry "RSA"]

1. e4 c5 2. Nf3 d6 3. d4 cxd4 4. Nxd4 Nf6 5. Bd3 g6 6. Bg5 Bg7 7. Bxf6 Bxf6 8. c3 0-0 9. Nd2 Nd7 10. 0-0 Nc5 11. Bc4 a6 12. a3 Qc7 13. Ba2 b5 14. f4 Bb7 15. f5 Nxe4 16. fxg6 hxg6 17. Qg4 Ng5 18. Rxf6 exf6 19. N2f3 Nxf3+ 20. gxf3 g5 21. f4 Bc8 22. Qg3 Qd7 23. Bd5 Rb8 24. f5 Bb7 25. Bxb7 Rxb7 26. h4 Qe7 27. Re1 Qd8 28. Nc6 Qb6+ 29. Nd4 Qd8 30. Qg2 Re7 31. Rf1 Kg7 32. Nc6 Qb6+ 33. Nd4 Kg8 34. Kh2 Kg7 35. Qd5 Qb7 36. Qxb7 Rxb7 37. Rg1 Rh8 38. Rg4 Re7 39. Kg1 Rxh4 40. Rxh4 gxh4 41. Kg2 Re4 42. Kf3 d5 0-1